000 00482nam a2200181Ia 4500
001 23048
005 20260414150911.0
008 260414t2006||||xx |||||||||||||| ||spa||
041 _aESP
082 _a624.1762
_bV66
100 _aVillarreal Castro, Genner
_eAUT
245 0 _aInteracción sísmica :
_bsuelo-estructura en edificaciones con zapatas aisladas
260 _c2006
300 _a125 páginas :
_ccm.
650 _a0
654 _aCIC
942 _cLIB
_dJUS
_fJUS
_2ddc
_n
999 _c23048
_d23048